00745nam a22002057a 450000500170000001000150001702000260003203500140005803700090007208200140008110000320009524500540012726000410018127001100022230000220033270000100035494200250036499900190038995201310040820250328111409.0 aENG-144322 a9788195201235c285.00 aEN-127854 bDBAD a230.3221 aChattopadhyay, Utpal979994 aThe Wonder That is Hinduism/bUtpal Chattopadhyay aKolkata bBlossom BookscAugust 2021 a9, Bir Ananta Ram Mondal Lane, SintheebKolkata e700050mblossombooks17@gmai.comk9836821125k9804135725 a234p.c22 cm.(Pb) 976691 2ddccENh230.32mCHA c210562d210562 001040708NFICaBL1bBL1d2025-03-28eDBADg285.00l0o230.32 CHApEN-127854r2025-03-28 00:00:00t1v285.00w2025-03-28yEN